All SSBU Specials - Statistics

General Stats
  • This quiz has been taken 5 times
  • The average score is 101 of 493
Answer Stats
Fighter Move Answer % Correct
Link N Bow and Arrow
100%
Mario S Cape
100%
Steve N Craft
100%
Mr. Game and Watch U Fire
100%
Mario N Fireball
100%
Luigi N Fireball
100%
Joker N Gun
100%
R.O.B. D Gyro
100%
Samus/Dark Samus D Bomb
80%
Young Link D Bomb
80%
Toon Link D Bomb
80%
Snake D C4
80%
Marth/Lucina D Counter
80%
Roy/Chrom D Counter
80%
Ike D Counter
80%
Palutena D Counter
80%
Yoshi S Egg Roll
80%
Yoshi U Egg Throw
80%
Steve U Elytra
80%
Captain Falcon D Falcon Kick
80%
Captain Falcon N Falcon Punch
80%
Mario D Fludd
80%
Steve N Mine
80%
Steve S Minecart
80%
Ness S PK Fire
80%
Lucas S PK Fire
80%
Lucas N PK Freeze
80%
Ness U PK Thunder
80%
Lucas U PK Thunder
80%
Steve D TNT
80%
Samus/Dark Samus N Charge Shot
60%
Steve N Create Block
60%
Simon/Richter S Cross
60%
Pacman D Fire Hydrant
60%
Sephiroth N Flare
60%
Ryu/Ken N Hadoken
60%
Snake N Hand Grenade
60%
DK S Headbutt
60%
Simon/Richter D Holy Water
60%
Snake S Homing Missile
60%
Kirby N Inhale
60%
King Dedede N Inhale
60%
Mr. Game and Watch S Judge
60%
Hero D Kamikaze
60%
Sora N Magic
60%
Hero D Magic Burst
60%
Bowser Jr. D Mechakoopa
60%
Mr. Game and Watch FS Octopus
60%
Villager N Pocket
60%
Isabelle N Pocket
60%
Pokemon Trainer D Pokemon Change
60%
Pirahna Plant N Ptooie
60%
Pikachu U Quick Attack
60%
Ivysaur S Razor Leaf
60%
Fox D Reflector
60%
Falco D Reflector
60%
Ryu/Ken U Shoryuken
60%
Yoshi FS Stampede!
60%
Sephiroth FS Supernova
60%
Pikachu D Thunder
60%
Pichu D Thunder
60%
Robin N Thunder
60%
Wario D Wario Waft
60%
Ganondorf N Warlock Punch
60%
Ike U Aether
40%
Incineroar S Alolan Whip
40%
Robin S Arcfire
40%
Lucario N Aura Sphere
40%
Simon/Richter N Axe
40%
Shulk S Backslash
40%
Diddy Kong D Banana Peel
40%
Link S Boomerang
40%
Young Link S Boomerang
40%
Toon Link S Boomerang
40%
Hero D Bounce
40%
Sheik D Bouncing Fish
40%
Ivysaur N Bullet Seed
40%
Mythra U Chroma Dust
40%
Wraio U Corkscrew
40%
Terry S Crack Shoot
40%
Incineroar N Darkest Lariat
40%
Yoshi N Egg Lay
40%
Kirby U Final Cutter
40%
Charizard U Fly
40%
Little Mac FS Giga Mac
40%
King Dedede S Gordo Throw
40%
Rosalina and Luma FS Grand Star
40%
Ike FS Great Aether
40%
Luigi S Green Missile
40%
Hero D Hatchet Man
40%
Hero D Heal
40%
Mii Brawler U Helicopter Kick
40%
Sonic N Homing Attack
40%
King Dedede D Jet Hammer
40%
Hero D Kaclang
40%
Rosalina and Luma U Launch Star
40%
Mega Man D Leaf Shield
40%
Cloud D Limit Charge
40%
Mario FS Mario Finale
40%
Mr. Game and Watch D Oil Panic
40%
Olimar S Pikmin Throw
40%
Ness N PK Flash
40%
Ness FS PK Starstorm
40%
Lucas FS PK Starstorm
40%
Jigglypuff S Pound
40%
Terry D Power Dunk
40%
Terry CI Power Geyser
40%
Terry N Power Wave
40%
Jigglypuff FS Puff Up
40%
Min-Min N/S Punch
40%
Mythra U Ray of Punishment
40%
Wolf D Reflector
40%
Jigglypuff D Rest
40%
Incineroar D Revenge
40%
Samus/Dark Samus U Screw Attack
40%
Jigglypuff U Sing
40%
Hero D Sizz
40%
Hero D Snooze
40%
Sonic S Spin Dash
40%
Inkling S Splat Roller
40%
Inkling N Splattershot
40%
Rosalina and Luma S Star Bits
40%
Kirby D Stone
40%
Inkling U Super Jump
40%
Mewtwo U Teleport
40%
Pikachu N Thunder Jolt
40%
Pichu N Thunder Jolt
40%
Peach/Daisy N Toad
40%
Young Link FS Triforce Slash
40%
Toon Link FS Triforce Slash
40%
Pokemon Trainer FS Triple Finish
40%
Wario S Wario Bike
40%
Wario FS Wario-man
40%
Squirtle N Water Gun
40%
Greninja N Water Shuriken
40%
Olimar U Winged Pikmin
40%
Bayonetta D Witch Time
40%
Yoshi D Yoshi Bomb
40%
Hero D Acceleratle
20%
Shulk U Air Slash
20%
Joker FS All-Out Attack
20%
Link FS Ancient Bow and Arrow
20%
Robin N Arcthunder
20%
Fox N Blaster
20%
Falco N Blaster
20%
Wolf N Blaster
20%
Captain Falcon FS Blue Falcon
20%
Bowser D Bowser Bomb
20%
Banjo and Kazooie N Breegull Blaster
20%
Mii Brawler S Burning Dropkick
20%
Terry S Burning Knuckle
20%
Terry CI Buster Wolf
20%
Mii Swordfighter S Chakram
20%
Mr. Game and Watch N Chef
20%
Wario N Chomp
20%
Mii Brawler D Counter Throw
20%
Marth/Lucina FS Critical Hit
20%
Roy FS Critical Hit
20%
Incineroar U Cross Chop
20%
Cloud S Cross Slash
20%
King Dedede FS Dede-rush
20%
Meta Knight D Dimensional Cape
20%
Zelda S Din's Fire
20%
Mewtwo D Disable
20%
Dr. Mario FS Doctor Finale
20%
Corrin S Dragon Lunge
20%
Robin N Elthunder
20%
Robin U Elwind
20%
Palutena S Explosive Flame
20%
Mii Brawler D Feint Jump
20%
Young Link N Fire Arrows
20%
Falco U Fire Bird
20%
Bowser N Fire Breath
20%
Fox U Fire Fox
20%
Isabelle S Fishing Rod
20%
Pyra N Flame Nova
20%
Mii Gunner S Flame Pillar
20%
Hero D Flame Slash
20%
Charizard N Flamethrower
20%
Charizard S Flare Blitz
20%
ZSS D Flip Jump
20%
Ryu/Ken D Focus Attack
20%
DK N Giant Punch
20%
Sephiroth N Gigaflare
20%
Joker U Grappling Hook
20%
Kirby S Hammer Flip
20%
Hero D Hocus Pocus
20%
Samus/Dark Samus S (Homing) Missile
20%
Steve FS House of Boom
20%
Ice Climbers FS Iceberg
20%
Little Mac S Jolt Haymaker
20%
DK FS Jungle Rush
20%
Hero U Kaswoosh
20%
Inkling FS Killer Wail
20%
Mythra N Lightning Buster
20%
Luigi D Luigi Cyclone
20%
Meta Knight N Mach Tornado
20%
Sephiroth N Megaflare
20%
Hero D Metal Slash
20%
Shulk N Monado Arts
20%
ZSS N Paralyzer
20%
Pirahna Plant FS Petey Piranha
20%
Mythra S Photon Edge
20%
Olimar N Pikmin Pluck
20%
Pirahna Plant U Piranhacopter
20%
Pirahna Plant S Poison Breath
20%
Pacman S Power Pellet
20%
Pyra U Prominence Revolt
20%
Ness D PSI Magnet
20%
Lucas D PSI Magnet
20%
Captain Falcon U Raptor Boost
20%
Banjo and Kazooie D Rear Egg
20%
Joker D Rebels Guard
20%
Link D Remote Bomb
20%
Terry U Rising Tackle
20%
Little Mac U Rising Uppercut
20%
Jigglypuff N Rollout
20%
Mega Man U Rush Coil
20%
Mewtwo N Shadow Ball
20%
Greninja S Shadow Sneak
20%
Marth/Lucina N Shield Breaker
20%
Mii Brawler N Shot Put
20%
Hero D Sizzle
20%
Ridley D Skewer
20%
Pikachu S Skull Bash
20%
Pichu S Skull Bash
20%
Little Mac D Slip Counter
20%
Mii Brawler U Soaring Axe Kick
20%
Inkling D Splat Bomb
20%
Sonic U Spring Jump
20%
Greninja D Substitute
20%
Wii Fit Trainer N Sun Salutation
20%
King Dedede U Super Dedede Jump
20%
Mario U Super Jump Punch
20%
Luigi U Super Jump Punch
20%
Dr. Mario U Super Jump Punch
20%
Sonic FS Super Sonic
20%
Mii Brawler S Suplex
20%
Hero U Swoosh
20%
Ryu/Ken S Tatsumaki Senpukuyaku
20%
Fox FS Team Star Fox
20%
Falco FS Team Star Fox
20%
Wolf FS Team Star Wolf
20%
Robin N Thoron
20%
Hero D Thwack
20%
Zelda FS Triforce of Wisdom
20%
Kirby FS Ultra Sword
20%
Simon/Richter U Uppercut
20%
Ivysaur U Vine Whip
20%
Shulk D Vision
20%
Pikachu FS Volt Tackle
20%
Pichu FS Volt Tackle
20%
Palutena U Warp
20%
Squirtle U Waterfall
20%
Hero D Whack
20%
Bowser U Whirling Fortress
20%
Duck Hunt D Wild Gunman
20%
Ganondorf D Wizards Foot
20%
Banjo and Kazooie S Wonderwing
20%
Hero U Woosh
20%
Samus FS Zero Laser
20%
ZSS FS Zero Laser
20%
Hero D Zoom
20%
Bowser Jr. U Abandon Ship
0%
Mii Gunner D Absorbing Vortex
0%
Sora U Aerial Sweep
0%
Bayonetta S Afterburner Kick
0%
Pichu U Agility
0%
Mii Swordfighter S Airborne Assault
0%
Byleth D Amyr
0%
Byleth S Areadbhar
0%
Min-Min U ARM Hook
0%
Mii Gunner U Arm Rocket
0%
R.O.B. S Arm Rotor
0%
Min-Min D ARMS Change
0%
Min-Min U ARMS Jump
0%
Min-Min FS ARMS Rush
0%
Lucario FS Aura Storm
0%
Palutena N Autoreticle
0%
Chrom FS Awakening Aether
0%
Villager U Balloon Trip
0%
Isabelle U Balloon Trip
0%
Hero D Bang
0%
Ice Climbers U Belay
0%
Palutena FS Black Hole Laser
0%
Cloud N Blade Beam
0%
Mii Swordfighter D Blade Counter
0%
Sephiroth U Blade Dash
0%
King K. Rool FS Blast-o-Matic
0%
Roy U Blazer
0%
Pyra S Blazing End
0%
Ice Climbers D Blizzard
0%
King K. Rool N Blunderbuss
0%
Mii Swordfighter N Blurring Blade
0%
Mii Gunner D Bomb Drop
0%
Pacman N Bonus Fruit
0%
ZSS U Boost Kick
0%
Bayonetta N Bullet Climax
0%
Pyra FS Burning Sword
0%
Sheik S Burst Grenade
0%
Mii Gunner U Cannon Jump Kick
0%
Shulk FS Chain Attack
0%
Mii Gunner N Charge Blast
0%
Duck Hunt S Clay Shooting
0%
Cloud U Climhazzard
0%
Bowser Jr. N Clown Cannon
0%
Bowser Jr. S Clown Kart Dash
0%
Hero D Command Selection
0%
Mewtwo S Confusion
0%
Sora D Counterattack
0%
Corrin D Counter Surge
0%
Snake FS Covering Fire
0%
Mega Man S Crash Bomber
0%
King K. Rool S Crownerang
0%
Snake U Cypher
0%
Daisy FS Daisy Blossom
0%
Daisy S Daisy Bomber
0%
Daisy U Daisy Parasol
0%
Marth/Lucina S Dancing Blade
0%
Ganondorf U Dark Dive
0%
Meta Knight FS Darkness Illusion
0%
Dark Pit FS Dark Pit Staff
0%
Wii Fit Trainer D Deep Breathing
0%
Kazuya N Devil Blaster
0%
Kazuya S Devil Fist
0%
Kazuya U Devil Wings
0%
Marth/Lucina U Dolphin Slash
0%
Roy/Chrom S Double-edge Dance
0%
Lucario D Double Team
0%
Corrin U Dragon Ascent
0%
Corrin N Dragon Fang Shot
0%
Villager FS Dream House
0%
Isabelle FS Dream Town Hall
0%
Meta Knight S Drill Rush
0%
Dr. Mario D Dr. Tornado
0%
Duck Hunt U Duck Jump
0%
Mii Gunner D Echo Reflector
0%
Banjo and Kazooie N Egg Firing
0%
Joker S Eiha
0%
Joker S Eihagaon
0%
Dark Pit S Electroshock Arm
0%
Olimar FS End of Day
0%
Ike N Eruption
0%
Mii Brawler N Exploding Side Kick
0%
Lucario U Extreme Speed
0%
Byleth N Failnaught
0%
Captain Falcon S Falcon Dive
0%
Falco S Falco Phantasm
0%
Zelda U Farore's Wind
0%
Kazuya FS Final Blaster
0%
Mii Swordfighter FS Final Edge
0%
Cloud D Finishing Touch
0%
Wolf U Fire Wolf
0%
Ganondorf S Flame Choke
0%
Roy/Chrom N Flare Blade
0%
Mii Brawler N Flashing Mach Punch
0%
Bowser S Flying Slam
0%
Lucario S Force Palm
0%
Fox S Fox Illusion
0%
Hero N Frizz
0%
Hero N Frizzle
0%
Mii Gunner FS Full Blast
0%
Mii Swordfighter S Gale Stab
0%
Mii Swordfighter N Gale Strike
0%
Ganondorf FS Ganon, The Demon King
0%
Bowser FS Giga Bowser Punch
0%
Simon/Richter FS Grand Cross
0%
Rosalina and Luma D Gravitational Pull
0%
Mii Gunner N Grenade Launch
0%
Pit/Dark Pit D Guardian Orbitars
0%
R.O.B. FS Guided Robo Beam
0%
Mii Gunner S Gunner Missile
0%
Joker N Gun Special
0%
King K. Rool D Gut Check
0%
DK D Hand Slap
0%
Wii Fit Trainer S Header
0%
Mii Brawler D Head-On Assault
0%
Kazuya D Heaven's Door
0%
Bayonetta S Heel Slide
0%
Toon Link N Hero's Bow
0%
Mii Swordfighter U Hero's Spin
0%
Greninja U Hydro Pump
0%
Diddy Kong FS Hyper Rocketbarrel
0%
Ice Climbers N Ice Shot
0%
Bayonetta FS Infernal Climax
0%
Hero D Kaboom
0%
Hero D Kacrackle Slask
0%
Hero N Kafrizz
0%
Hero S Kazap
0%
Little Mac N KO Uppercut
0%
Mii Gunner N Laser Blaze
0%
Pit FS Lightning Chariot
0%
Villager S Lloid Rocket
0%
Isabelle D Lloid Trap
0%
Pirahna Plant D Long-Stem Strike
0%
Rosalina and Luma N Luma Shot
0%
Mii Gunner U Lunar Launch
0%
Joker D Makarakarn
0%
Incineroar FS Max Malicious Moonsault
0%
Mega Man FS Mega Legends
0%
Dr. Mario N Megavitamins
0%
Mega Man N Metal Blade
0%
Diddy Kong S Monkey Flip
0%
Zelda N Nayru's Love
0%
Sheik N Needle Storm
0%
Duck Hunt FS NES Zapper Posse
0%
Robin D Nosferatu
0%
Sephiroth U Octa Slash
0%
Mii Brawler FS Omega Blitz
0%
Cloud FS Omnislash
0%
Cloud FS Omnislash Ver. 5
0%
Mii Brawler S Onslaught
0%
Hero D Oomph
0%
Pacman U Pac-Jump
0%
Robin FS Pair Up
0%
Pit N Palutena Bow
0%
Peach FS Peach Blossom
0%
Peach S Peach Bomber
0%
Peach U Peach Parasol
0%
Diddy Kong N Peanut Popgun
0%
Zelda D Phantom Slash
0%
Dark Samus FS Phazon Laser
0%
Olimar D Pikmin Order
0%
Ridley N Plasma Breath
0%
Ridley FS Plasma Scream
0%
ZSS S Plasma Whip
0%
Luigi FS Poltergust G00
0%
Pit/Dark Pit U Power of Flight
0%
Mii Swordfighter D Power Thrust
0%
Byleth FS Progenitor God Ruptured Heaven
0%
King K. Rool U Propellerpack
0%
Hero D Psyche Up
0%
Mewtwo FS Psystrike
0%
Ike S Quick Draw
0%
Kazuya CI Rage Drive
0%
Palutena D Reflect Barrier
0%
Mii Swordfighter D Reversal Slash
0%
R.O.B. N Robo Beam
0%
R.O.B. U Robo Burner
0%
Diddy Kong U Rocketbarrel Boost
0%
Mythra FS Sacred Arrow
0%
Sephiroth D Scintilla
0%
Sora FS Sealing the Keyhole
0%
Greninja FS Secret Ninja Attack
0%
Sephiroth S Shadow Flare
0%
Bowser Jr. FS Shadow Mario Paint
0%
Sheik FS Sheikah Dance
0%
Ryu FS Shin Hadoken
0%
Ken FS Shinryuken
0%
Ryu FS Shin Shoryuken
0%
Ken FS Shippu Jinraikyaku
0%
Banjo and Kazooie U Shock Spring Jump
0%
Mii Swordfighter N Shuriken of Light
0%
Meta Knight U Shuttle Loop
0%
Dark Pit N Silver Bow
0%
Mii Swordfighter U Skyward Slash Dash
0%
Chrom U Soaring Slash
0%
Sora S Sonic Blade
0%
Ridley S Space Pirate Rush
0%
Link U Spin Attack
0%
Young Link U Spin Attack
0%
Toon Link U Spin Attack
0%
Sonic D Spin Charge
0%
Kazuya CI Spinning Demon to Left Hook
0%
DK U Spinning Kong
0%
Ice Climbers S Squall Hammer
0%
Mii Gunner S Stealth Burst
0%
Mii Swordfighter U Stone Scabbard
0%
Little Mac N Straight Lunge
0%
Wii Fit Trainer U Super Hoop
0%
Pacman FS Super PAC-MAN
0%
Dr. Mario S Super Sheet
0%
Pyra D Swap to Mythra
0%
Mythra D Swap to Pyra
0%
Byleth U Sword of the Creator
0%
Joker D Tetrakarn
0%
Banjo and Kazooie FS The Mighty Jinjonator
0%
Mii Brawler U Thrust Uppercut
0%
Villager D Timber
0%
Corrin FS Torrential Roar
0%
Duck Hunt N Trick Shot
0%
Terry FS Triple Wolf
0%
Pit S Upperdash Arm
0%
Sheik U Vanish
0%
Peach/Daisy D Vegetable
0%
Wii Fit Trainer FS Wii Fit
0%
Ridley U Wing Blitz
0%
Joker U Wings of Rebellion
0%
Bayonetta U Witch Twist
0%
Squirtle S Withdraw
0%
Wolf S Wolf Flash
0%
Hero S Zap
0%
Hero S Zapple
0%
No matching quizzes found
Score Distribution
Percent of People with Each Score
Percentile by Number Answered
Your Score History
You have not taken this quiz